[Event "XIX Festival A"]
[Site "Montecatini Terme ITA"]
[Date "2011.08.02"]
[Round "4"]
[White "Rombaldoni, Denis"]
[Black "Dvirnyy, Danyyil"]
[WhiteElo "2495"]
[BlackElo "2436"]
[Result "1-0"]
[PlyCount "95"]
[EventDate "2011.07.31"]

1. d4 d5 2. Nf3 Nf6 3. g3 g6 4. Bg2 Bg7 5. O-O O-O 6. c4 dxc4 7. Na3 c3 8. bxc3
c5 9. e3 Nc6 10. Nc4 Be6 11. Nce5 Nxe5 12. Nxe5 Bd5 13. Ba3 Qc7 14. Bxc5 Bxg2
15. Kxg2 Ne4 16. Nd3 b6 17. Ba3 Nxc3 18. Qf3 Rac8 19. Rfc1 Qd7 20. h4 h5 21.
Nf4 Rc7 22. Bb4 Rfc8 23. Rxc3 Rxc3 24. Nd5 Rc1 25. Rxc1 Rxc1 26. Nxe7+ Kh7 27.
Qxf7 Qg4 28. Qg8+ Kh6 29. Qd5 Qe2 30. Qg5+ Kh7 31. Qxg6+ Kh8 32. Qe8+ Kh7 33.
Qg8+ Kh6 34. Qe6+ Kh7 35. Qe4+ Kh8 36. Qa8+ Kh7 37. Qg8+ Kh6 38. Nf5+ Kg6 39.
Qxg7+ Kxf5 40. Qf7+ Ke4 41. Qe6+ Kd3 42. Qb3+ Ke4 43. Qe6+ Kd3 44. Qf5+ Kc4 45.
Qc8+ Kxb4 46. Qxc1 Qxa2 47. e4 Qe2 48. Qc6 1-0

[Event "XIX Festival A"]
[Site "Montecatini Terme ITA"]
[Date "2011.08.02"]
[Round "4"]
[White "Stromboli, Ettore"]
[Black "Cecconi, Giovanni Alberto"]
[WhiteElo "2304"]
[BlackElo "2141"]
[Result "1-0"]
[PlyCount "87"]
[EventDate "2011.07.31"]

1. e4 Nf6 2. Nc3 d6 3. d4 g6 4. h3 Bg7 5. Nf3 c6 6. Be3 Qc7 7. Qd2 b5 8. Bd3 a6
9. Ne2 Bb7 10. Ng3 Nbd7 11. O-O e5 12. c3 Nf8 13. a4 Ne6 14. Ng5 Nxg5 15. Bxg5
Nd7 16. Bh6 Bf6 17. Be3 O-O 18. f4 Rad8 19. Qf2 Bh4 20. Qf3 c5 21. axb5 axb5
22. fxe5 dxe5 23. d5 c4 24. Bc2 Nc5 25. Qg4 Bxg3 26. Qxg3 Nd3 27. Bxd3 cxd3 28.
Bh6 Rfe8 29. Qxd3 f5 30. Qxb5 fxe4 31. d6 Qc6 32. Qxc6 Bxc6 33. Ra7 Rd7 34.
Rxd7 Bxd7 35. c4 e3 36. Bxe3 Rf8 37. Rc1 Rb8 38. c5 Bc6 39. Rc2 Kf7 40. Rd2 Ke6
41. d7 Bxd7 42. Rd6+ Ke7 43. Bg5+ Ke8 44. c6 1-0

[Event "XIX Festival A"]
[Site "Montecatini Terme ITA"]
[Date "2011.08.02"]
[Round "4"]
[White "Tocchioni, Doriano"]
[Black "Mogranzini, Roberto"]
[WhiteElo "2238"]
[BlackElo "2433"]
[Result "0-1"]
[PlyCount "74"]
[EventDate "2011.07.31"]

1. d4 Nf6 2. Nf3 g6 3. Nc3 d5 4. Bg5 Ne4 5. Bf4 Nxc3 6. bxc3 c5 7. Qd2 Nc6 8.
e3 Bg7 9. Bb5 O-O 10. O-O Qa5 11. Rfb1 cxd4 12. cxd4 Qxd2 13. Nxd2 Bf5 14. Bxc6
bxc6 15. Rb7 c5 16. c3 Rfe8 17. Rb5 Rec8 18. Nb3 c4 19. Na5 e6 20. Nb7 Rc6 21.
Nd6 Bd3 22. Rb7 f6 23. Nb5 e5 24. Bg3 a6 25. Na3 Bf8 26. Nb1 exd4 27. exd4 Re8
28. Nd2 Re2 29. Nf3 Rce6 30. Rd7 Be4 31. Ne1 Ba3 32. f3 Bf5 33. Rxd5 Bb2 34.
Rd1 Bxc3 35. Kf1 Rxe1+ 36. Bxe1 Bd3+ 37. Kf2 Re2+ 0-1

[Event "XIX Festival A"]
[Site "Montecatini Terme ITA"]
[Date "2011.08.03"]
[Round "5"]
[White "Bellini, Fabio"]
[Black "Contin, Daniel"]
[WhiteElo "2498"]
[BlackElo "2319"]
[Result "1/2-1/2"]
[PlyCount "37"]
[EventDate "2011.07.31"]

1. e4 e6 2. d4 d5 3. Nc3 Bb4 4. e5 c5 5. Nf3 Ne7 6. dxc5 Nd7 7. Bd3 Qc7 8. O-O
Bxc3 9. bxc3 Nxc5 10. Nd4 Nxd3 11. Qxd3 Bd7 12. Rb1 b6 13. Ba3 Rc8 14. Bb4 Qxe5
15. Rbe1 Qc7 16. f4 a5 17. Bxe7 Kxe7 18. Qg3 Kf8 19. Re3 1/2-1/2

[Event "XIX Festival A"]
[Site "Montecatini Terme ITA"]
[Date "2011.08.03"]
[Round "5"]
[White "Bentivegna, Francesco"]
[Black "Riccio, Eros"]
[WhiteElo "2330"]
[BlackElo "2194"]
[Result "1-0"]
[PlyCount "67"]
[EventDate "2011.07.31"]

1. f4 Nf6 2. Nf3 c5 3. d3 d5 4. e3 Nc6 5. Be2 g6 6. O-O Bg7 7. a4 O-O 8. Kh1
Qc7 9. Nc3 e5 10. Nb5 Qe7 11. Nxe5 Nxe5 12. fxe5 Qxe5 13. e4 g5 14. Be3 a6 15.
Na3 Be6 16. Bxc5 Rfc8 17. c3 Rxc5 18. d4 Qxe4 19. dxc5 Qh4 20. g3 Qh3 21. Bf3
Ne4 22. Bg2 Qh6 23. Kg1 Rc8 24. Nc2 Be5 25. Qe2 f5 26. Nd4 Qg6 27. Nxe6 Qxe6
28. Rae1 Rxc5 29. Qe3 f4 30. gxf4 Bxf4 31. Qxc5 Bxh2+ 32. Kh1 Ng3+ 33. Kxh2
Nxf1+ 34. Rxf1 1-0

[Event "XIX Festival A"]
[Site "Montecatini Terme ITA"]
[Date "2011.08.03"]
[Round "5"]
[White "Bruno, Fabio"]
[Black "Stromboli, Ettore"]
[WhiteElo "2466"]
[BlackElo "2304"]
[Result "1-0"]
[PlyCount "45"]
[EventDate "2011.07.31"]

1. d4 Nf6 2. Nf3 b5 3. e3 a6 4. Bd3 Bb7 5. Nbd2 e6 6. O-O c5 7. c3 Nc6 8. Qe2
Qc7 9. a3 d5 10. e4 dxe4 11. Nxe4 Nxe4 12. Bxe4 cxd4 13. cxd4 Na5 14. Bd2 Nb3
15. Bf4 Qb6 16. Rad1 Rd8 17. Rfe1 Bxe4 18. Qxe4 Be7 19. Qc2 Nxd4 20. Rxd4 Rxd4
21. Be3 e5 22. Nxe5 Qa5 23. b4 1-0

[Event "XIX Festival A"]
[Site "Montecatini Terme ITA"]
[Date "2011.08.03"]
[Round "5"]
[White "Collutiis, Duilio"]
[Black "Nannelli, Paolo"]
[WhiteElo "2468"]
[BlackElo "2224"]
[Result "1/2-1/2"]
[PlyCount "67"]
[EventDate "2011.07.31"]

1. g3 d5 2. Bg2 Nf6 3. Nf3 e6 4. c4 Be7 5. O-O O-O 6. b3 b6 7. Bb2 Bb7 8. e3
Nbd7 9. Qe2 dxc4 10. bxc4 Nc5 11. d4 Na4 12. Bc1 c5 13. Qc2 Qe8 14. Nbd2 Rc8
15. Ba3 Rc7 16. Qb3 a6 17. dxc5 Bxc5 18. Bxc5 Rxc5 19. Rac1 Ne4 20. Rfd1 Nxd2
21. Nxd2 Bxg2 22. Kxg2 Qc6+ 23. Kg1 h5 24. Ne4 Qxe4 25. Qxa4 Qf3 26. Rd4 Rf5
27. Qc2 e5 28. Rd2 h4 29. Qd1 Qe4 30. Rd8 Rxd8 31. Qxd8+ Kh7 32. Qd5 Qg4 33. e4
Rf6 34. Qd3 1/2-1/2

[Event "XIX Festival A"]
[Site "Montecatini Terme ITA"]
[Date "2011.08.03"]
[Round "5"]
[White "Dvirnyy, Danyyil"]
[Black "Madiai, Federico"]
[WhiteElo "2436"]
[BlackElo "2195"]
[Result "1-0"]
[PlyCount "69"]
[EventDate "2011.07.31"]

1. e4 e5 2. Nf3 Nc6 3. Bb5 a6 4. Ba4 Nf6 5. O-O Be7 6. Re1 b5 7. Bb3 O-O 8. c3
d6 9. d4 Bg4 10. d5 Nb8 11. h3 Bxf3 12. Qxf3 Nbd7 13. Nd2 Ne8 14. Bc2 Bg5 15.
a4 Nc5 16. Qe2 f5 17. exf5 bxa4 18. Ne4 Nxe4 19. Bxe4 Bxc1 20. Rexc1 Qd7 21.
Bc2 Nf6 22. Rxa4 Nxd5 23. Rxa6 Nf4 24. Qf1 Qe7 25. Rxa8 Rxa8 26. g3 Nh5 27. Be4
Rb8 28. Qc4+ Kf8 29. Ra1 Nf6 30. Ra7 Nxe4 31. Qxe4 Rxb2 32. Ra8+ Kf7 33. Qc4+
Kf6 34. Qh4+ Kf7 35. Qxh7 1-0

[Event "XIX Festival A"]
[Site "Montecatini Terme ITA"]
[Date "2011.08.03"]
[Round "5"]
[White "Laketic, Gojko"]
[Black "Rombaldoni, Denis"]
[WhiteElo "2439"]
[BlackElo "2495"]
[Result "1/2-1/2"]
[PlyCount "116"]
[EventDate "2011.07.31"]

1. d4 Nf6 2. c4 e6 3. Nc3 Bb4 4. e3 b6 5. Nge2 Ba6 6. a3 Bxc3+ 7. Nxc3 d5 8. b3
O-O 9. Be2 Nc6 10. O-O Qd7 11. cxd5 Bxe2 12. Nxe2 exd5 13. Nf4 Ne7 14. a4 Ng6
15. Nd3 a5 16. Ra2 Rfe8 17. Rc2 c6 18. f3 Rac8 19. Rc3 h5 20. Qc2 h4 21. Qf2
Qe7 22. Bd2 Rc7 23. Rfc1 Rec8 24. R3c2 h3 25. gxh3 c5 26. dxc5 bxc5 27. Bxa5
Rc6 28. Bc3 c4 29. Nb4 Rb6 30. bxc4 dxc4 31. Bxf6 Qxf6 32. Rxc4 Rxc4 33. Rxc4
Ne5 34. Rc8+ Kh7 35. Qc2+ g6 36. Nd5 Qg5+ 37. Kf2 Rd6 38. Nf4 Qe7 39. Rc5 Qd7
40. Ke2 Nc6 41. Qc3 Ne7 42. Rc4 Nf5 43. Rc8 Rd2+ 44. Qxd2 Qxc8 45. Qa2 Qe8 46.
Ng2 Kg8 47. Kf2 Qe5 48. f4 Qe4 49. Qb3 Qa8 50. Qb4 Qd5 51. e4 Qa2+ 52. Kf3 Ng7
53. h4 Qc2 54. Qb8+ Kh7 55. Qb7 Qd1+ 56. Kf2 Qd2+ 57. Kf3 Qd1+ 58. Kf2 Qd2+
1/2-1/2

[Event "XIX Festival A"]
[Site "Montecatini Terme ITA"]
[Date "2011.08.03"]
[Round "5"]
[White "Mogranzini, Roberto"]
[Black "Efimov, Igor"]
[WhiteElo "2433"]
[BlackElo "2428"]
[Result "1/2-1/2"]
[PlyCount "27"]
[EventDate "2011.07.31"]

1. c4 e6 2. g3 d5 3. Bg2 Nf6 4. Nf3 a6 5. b3 c5 6. O-O Be7 7. Bb2 O-O 8. e3 b5
9. d3 Bb7 10. Nbd2 Nc6 11. a3 Qb6 12. Qc2 Rfd8 13. Rfd1 Rac8 14. Rac1 1/2-1/2

[Event "XIX Festival A"]
[Site "Montecatini Terme ITA"]
[Date "2011.08.03"]
[Round "5"]
[White "Stromboli, Carlo"]
[Black "Locci, Damiano"]
[WhiteElo "2304"]
[BlackElo "2167"]
[Result "1-0"]
[PlyCount "89"]
[EventDate "2011.07.31"]

1. e4 e6 2. d4 d5 3. Nc3 Bb4 4. e5 c5 5. Bd2 cxd4 6. Nb5 Bc5 7. b4 Bf8 8. Nxd4
Nc6 9. Nxc6 bxc6 10. Bd3 Qb6 11. Rb1 Ba6 12. b5 cxb5 13. Qe2 Rb8 14. a4 Bc5 15.
Nf3 Ne7 16. O-O h6 17. axb5 Bc8 18. Ra1 O-O 19. Rfb1 Qc7 20. Rb3 Bb6 21. Ra4
Bb7 22. Rh4 Ng6 23. Rg4 d4 24. Be4 Bxe4 25. Qxe4 Rbc8 26. Rb2 Rfd8 27. h4 Rd5
28. Bxh6 Rxe5 29. Nxe5 f5 30. Qe2 d3 31. Nxd3 fxg4 32. Qxe6+ Kh7 33. h5 Nf8 34.
Qf5+ Kxh6 35. Ne5 g6 36. hxg6 Kg7 37. Nxg4 Qc3 38. Qf7+ Kh8 39. Rb3 Qe1+ 40.
Kh2 Bc7+ 41. f4 Nxg6 42. Qf6+ Kg8 43. Qxg6+ Kf8 44. Qf6+ Kg8 45. Rg3 1-0

[Event "XIX Festival A"]
[Site "Montecatini Terme ITA"]
[Date "2011.08.03"]
[Round "5"]
[White "Valori, Vincenzo"]
[Black "Manino, Edoardo"]
[WhiteElo "2046"]
[BlackElo "1926"]
[Result "1/2-1/2"]
[PlyCount "82"]
[EventDate "2011.07.31"]

1. e4 e6 2. d4 d5 3. e5 c5 4. Nf3 cxd4 5. Qxd4 Nc6 6. Qf4 Qc7 7. Nc3 a6 8. Qg3
Nge7 9. Bd3 Ng6 10. Bxg6 hxg6 11. a3 Bc5 12. O-O Bd7 13. Bg5 Ne7 14. Rac1 Nf5
15. Qg4 Be7 16. Bxe7 Nxe7 17. Ne2 Bc6 18. Ned4 O-O-O 19. c4 Kb8 20. cxd5 Rxd5
21. Rfe1 Qd7 22. Qf4 g5 23. Qxf7 Rxd4 24. Nxd4 Qxd4 25. Qxe7 Qh4 26. h3 Bxg2
27. Qc7+ Ka8 28. Qc3 Bxh3 29. Qg3 Qh5 30. Rc3 Bg4 31. Kg2 Bf5 32. Rec1 Be4+ 33.
f3 Bc6 34. Kf2 g4 35. Qxg4 Qh2+ 36. Qg2 Qxe5 37. Qg3 Qd4+ 38. Kg2 Qd2+ 39. Kg1
Qd4+ 40. Kg2 Qd2+ 41. Kg1 Qd4+ 1/2-1/2

[Event "XIX Festival A"]
[Site "Montecatini Terme ITA"]
[Date "2011.08.04"]
[Round "6"]
[White "Bentivegna, Francesco"]
[Black "Bruno, Fabio"]
[WhiteElo "2330"]
[BlackElo "2466"]
[Result "1-0"]
[PlyCount "79"]
[EventDate "2011.07.31"]

1. e4 c5 2. Nf3 e6 3. d4 cxd4 4. Nxd4 Nf6 5. Nc3 d6 6. g4 h6 7. h4 Nc6 8. Rg1
h5 9. gxh5 Rxh5 10. Bg5 Rh8 11. Rg3 a6 12. Nxc6 bxc6 13. Qf3 Qb6 14. O-O-O Rb8
15. b3 Nd7 16. Be2 Qa5 17. Kb1 Qc7 18. h5 Ne5 19. Qg2 c5 20. Bc1 Rh7 21. Bb2
Bb7 22. f4 Nd7 23. f5 Ne5 24. fxe6 fxe6 25. Rf1 Qe7 26. Na4 Rh6 27. Nxc5 Bc6
28. Nxa6 Ra8 29. Nb4 Bd7 30. Nd3 Bc6 31. Nxe5 dxe5 32. Rgf3 Rf6 33. Rxf6 gxf6
34. Qg6+ Qf7 35. Qxf7+ Kxf7 36. Bxe5 Bxe4 37. Rxf6+ Ke7 38. Rf4 Bf5 39. Bd3 Ra5
40. Bc3 1-0

[Event "XIX Festival A"]
[Site "Montecatini Terme ITA"]
[Date "2011.08.04"]
[Round "6"]
[White "Braga, Fernando Alberto"]
[Black "Laketic, Gojko"]
[WhiteElo "2447"]
[BlackElo "2439"]
[Result "1/2-1/2"]
[PlyCount "45"]
[EventDate "2011.07.31"]

1. Nf3 Nf6 2. c4 c6 3. d4 d5 4. e3 g6 5. Nc3 Bg7 6. Be2 O-O 7. O-O Bg4 8. cxd5
cxd5 9. Qb3 Bc8 10. Bd2 Nc6 11. Rfc1 Ne4 12. Be1 Nxc3 13. Qxc3 Qd6 14. Qc5 Qxc5
15. Rxc5 e6 16. Rac1 Rd8 17. a3 Bd7 18. Kf1 Rdc8 19. Bd2 f6 20. Ne1 Bf8 21.
R5c2 Nd8 22. Nd3 Rxc2 23. Rxc2 1/2-1/2

[Event "XIX Festival A"]
[Site "Montecatini Terme ITA"]
[Date "2011.08.04"]
[Round "6"]
[White "Cerquitella, Luca"]
[Black "Sellitti, Federico"]
[WhiteElo "2283"]
[BlackElo "2167"]
[Result "1/2-1/2"]
[PlyCount "88"]
[EventDate "2011.07.31"]

1. e4 e6 2. d4 d5 3. Nc3 Bb4 4. e5 c5 5. Bd2 Ne7 6. Nb5 Bxd2+ 7. Qxd2 O-O 8. f4
Bd7 9. Nd6 cxd4 10. Nf3 Nbc6 11. Bd3 f6 12. O-O Qb8 13. Qe2 a6 14. Rae1 g5 15.
Nxg5 fxg5 16. Qh5 Nf5 17. g4 Be8 18. Nxe8 Qxe8 19. Qxe8 Raxe8 20. gxf5 exf5 21.
Kg2 gxf4 22. Rxf4 Nxe5 23. Rxd4 Nxd3 24. Rxe8 Rxe8 25. cxd3 Re2+ 26. Kg3 Kf7
27. Rb4 b5 28. a4 bxa4 29. Rxa4 Rxb2 30. Rxa6 Rb3 31. Kf4 Rxd3 32. Kxf5 Rf3+
33. Ke5 Rh3 34. Kxd5 Rxh2 35. Ke4 Rf2 36. Rh6 Kg7 37. Rh3 h6 38. Rg3+ Kh7 39.
Rf3 Ra2 40. Kf4 Kg6 41. Kg4 h5+ 42. Kh4 Ra4+ 43. Kh3 Kg5 44. Rb3 Rf4 1/2-1/2

[Event "XIX Festival A"]
[Site "Montecatini Terme ITA"]
[Date "2011.08.04"]
[Round "6"]
[White "Efimov, Igor"]
[Black "Stromboli, Carlo"]
[WhiteElo "2428"]
[BlackElo "2304"]
[Result "1/2-1/2"]
[PlyCount "26"]
[EventDate "2011.07.31"]

1. d4 d5 2. c4 c6 3. Nf3 Nf6 4. e3 Bg4 5. Qb3 Qb6 6. Nc3 e6 7. Bd2 Nbd7 8. Bd3
dxc4 9. Bxc4 Qxb3 10. Bxb3 Bf5 11. Ke2 Be7 12. Rhd1 O-O 13. Be1 h6 1/2-1/2

[Event "XIX Festival A"]
[Site "Montecatini Terme ITA"]
[Date "2011.08.04"]
[Round "6"]
[White "Frugoli, Francesco"]
[Black "Collutiis, Duilio"]
[WhiteElo "2206"]
[BlackElo "2468"]
[Result "1/2-1/2"]
[PlyCount "46"]
[EventDate "2011.07.31"]

1. d4 d5 2. Nf3 Nf6 3. c4 c6 4. cxd5 cxd5 5. Nc3 Nc6 6. Bf4 a6 7. e3 Bg4 8. Be2
e6 9. O-O Bd6 10. Bxd6 Qxd6 11. Rc1 O-O 12. a3 Bxf3 13. Bxf3 Na5 14. e4 dxe4
15. Nxe4 Nxe4 16. Bxe4 f5 17. Bf3 Rac8 18. Rxc8 Rxc8 19. b4 Nc4 20. Bxb7 Rb8
21. Qe2 Nxa3 22. Bxa6 Rxb4 23. Bc8 Kf7 1/2-1/2

[Event "XIX Festival A"]
[Site "Montecatini Terme ITA"]
[Date "2011.08.04"]
[Round "6"]
[White "Spornberger, Maximilian"]
[Black "Mogranzini, Roberto"]
[WhiteElo "2155"]
[BlackElo "2433"]
[Result "0-1"]
[PlyCount "146"]
[EventDate "2011.07.31"]

1. e4 c5 2. Nc3 Nc6 3. f4 g6 4. Nf3 Bg7 5. Bb5 Nd4 6. O-O e6 7. e5 a6 8. Bd3 f5
9. b3 d6 10. Bb2 Ne7 11. Qe1 Nec6 12. exd6 Qxd6 13. Nxd4 Nxd4 14. Qg3 O-O 15.
Rae1 Bd7 16. h4 Rae8 17. h5 gxh5 18. Qg5 Rf6 19. Re3 Rg6 20. Qxh5 Rh6 21. Qd1
Bc6 22. Rg3 Rg6 23. Rxg6 hxg6 24. Qe1 b5 25. Nd1 e5 26. Bxd4 Qxd4+ 27. Qf2 exf4
28. Qxd4 Bxd4+ 29. Nf2 f3 30. gxf3 Bxf3 31. c3 Bf6 32. Nh3 Bd5 33. c4 Bd4+ 34.
Kh2 Be4 35. Bxe4 Rxe4 36. cxb5 axb5 37. Ng1 Rh4+ 38. Nh3 b4 39. Kg2 Kg7 40. Re1
Kf6 41. Re8 Be5 42. Rc8 Rd4 43. Rxc5 Rxd2+ 44. Kf1 Rxa2 45. Rc6+ Kg7 46. Rb6
Rh2 47. Ng5 Rh4 48. Rb7+ Kg8 49. Rb6 Rh1+ 50. Ke2 Rb1 51. Rxb4 Bf6 52. Ne6 Re1+
53. Kxe1 Bc3+ 54. Kf2 Bxb4 55. Kf3 Kf7 56. Nd8+ Ke8 57. Ne6 Bd6 58. Nd4 Kf7 59.
Nc6 Ke6 60. Nd8+ Kf6 61. Nc6 g5 62. Nd4 Ke5 63. Nc2 g4+ 64. Kg2 Ke4 65. b4 f4
66. b5 f3+ 67. Kf1 g3 68. Ne1 Bc5 69. Ng2 fxg2+ 70. Kxg2 Kf4 71. Kh1 Bd6 72. b6
Kf3 73. b7 g2+ 0-1

[Event "XIX Festival A"]
[Site "Montecatini Terme ITA"]
[Date "2011.08.04"]
[Round "6"]
[White "Stromboli, Ettore"]
[Black "Popa, Claudiu"]
[WhiteElo "2304"]
[BlackElo "2206"]
[Result "1-0"]
[PlyCount "43"]
[EventDate "2011.07.31"]

1. e4 e5 2. Nf3 Nc6 3. Bb5 a6 4. Bxc6 dxc6 5. O-O Qd6 6. Na3 Be6 7. Qe2 f6 8.
c3 c5 9. Rd1 O-O-O 10. d4 cxd4 11. cxd4 exd4 12. Nxd4 Bf7 13. Be3 h5 14. Rac1
Ne7 15. Ndb5 Qxd1+ 16. Rxd1 Rxd1+ 17. Qxd1 axb5 18. Nxb5 Nc6 19. Bf4 Ne5 20.
Qa4 g5 21. Qa5 b6 22. Qa7 1-0

[Event "XIX Festival A"]
[Site "Montecatini Terme ITA"]
[Date "2011.08.05"]
[Round "7"]
[White "Bellini, Fabio"]
[Black "Stromboli, Ettore"]
[WhiteElo "2498"]
[BlackElo "2304"]
[Result "1-0"]
[PlyCount "61"]
[EventDate "2011.07.31"]

1. e4 e6 2. d3 d5 3. Nd2 Nf6 4. Ngf3 c5 5. g3 Nc6 6. Bg2 Be7 7. O-O b6 8. Re1
Bb7 9. c3 Qc7 10. a3 O-O 11. e5 Nd7 12. Qe2 b5 13. h4 b4 14. axb4 cxb4 15. Nb3
a5 16. Bd2 Rfb8 17. cxb4 Nxb4 18. Rec1 Qb6 19. Be3 Qd8 20. Rc3 Nc6 21. Nbd4 Rc8
22. Bh3 Ndxe5 23. Nxe5 Nxe5 24. Nxe6 fxe6 25. Bxe6+ Kh8 26. Bxc8 Rxc8 27. Bb6
Qd6 28. Rxc8+ Bxc8 29. Re1 Bf6 30. Bd4 Bg4 31. Qxg4 1-0

[Event "XIX Festival A"]
[Site "Montecatini Terme ITA"]
[Date "2011.08.05"]
[Round "7"]
[White "Bruno, Fabio"]
[Black "Spornberger, Maximilian"]
[WhiteElo "2466"]
[BlackElo "2155"]
[Result "1-0"]
[PlyCount "103"]
[EventDate "2011.07.31"]

1. d4 g6 2. Nf3 Bg7 3. c4 d6 4. Nc3 Bg4 5. Be3 e6 6. Ng5 h6 7. Nge4 e5 8. dxe5
dxe5 9. Qb3 b6 10. Rd1 Nd7 11. c5 Ne7 12. Qa4 Qc8 13. g3 O-O 14. c6 Nb8 15.
Bxh6 Nbxc6 16. Bg2 Bh3 17. Nf6+ Bxf6 18. Bxc6 Nxc6 19. Qxc6 Bg7 20. Nd5 Qe6 21.
Qxe6 Bxe6 22. Bxg7 Bxd5 23. Rxd5 Kxg7 24. Rxe5 Rfd8 25. Re3 c5 26. Rd3 Rxd3 27.
exd3 Rd8 28. Ke2 Kf6 29. h4 Rd4 30. Rc1 Rd5 31. Rc4 b5 32. Re4 a5 33. b3 Rd8
34. Kd2 Rc8 35. Kc3 Rb8 36. a4 b4+ 37. Kc4 Rd8 38. Re3 Kf5 39. Kxc5 Kg4 40. d4
Kh3 41. d5 Kg2 42. d6 Kxf2 43. Rd3 Ke2 44. Rd4 Kf3 45. g4 f5 46. gxf5 gxf5 47.
d7 Ke3 48. Rd6 f4 49. Kc6 f3 50. Re6+ Kd2 51. Rf6 Ke2 52. Kc7 1-0

[Event "XIX Festival A"]
[Site "Montecatini Terme ITA"]
[Date "2011.08.05"]
[Round "7"]
[White "Capone, Vincenzo"]
[Black "Cerquitella, Luca"]
[WhiteElo "2141"]
[BlackElo "2283"]
[Result "1/2-1/2"]
[PlyCount "49"]
[EventDate "2011.07.31"]

1. d4 c5 2. d5 e5 3. e4 d6 4. Bb5+ Nd7 5. a4 Ngf6 6. Nc3 Be7 7. Nf3 O-O 8. O-O
Ne8 9. Nd2 g6 10. Nc4 Nb6 11. Nxb6 Qxb6 12. a5 Qd8 13. Bh6 Ng7 14. a6 bxa6 15.
Bxa6 Qb6 16. Qd3 Bd7 17. Bc4 Rfb8 18. b3 a5 19. Bd2 Ne8 20. Ra3 f5 21. f4 Bf6
22. exf5 Bxf5 23. Ne4 Bg7 24. Bc3 exf4 25. Rxf4 1/2-1/2

[Event "XIX Festival A"]
[Site "Montecatini Terme ITA"]
[Date "2011.08.05"]
[Round "7"]
[White "Collutiis, Duilio"]
[Black "Sellitti, Federico"]
[WhiteElo "2468"]
[BlackElo "2167"]
[Result "1-0"]
[PlyCount "55"]
[EventDate "2011.07.31"]

1. e4 c5 2. Nf3 Nf6 3. d3 d6 4. g3 g6 5. Bg2 Bg7 6. O-O O-O 7. Re1 Nc6 8. h3
Rb8 9. a4 a6 10. c3 b5 11. axb5 axb5 12. e5 dxe5 13. Nxe5 Nxe5 14. Rxe5 Nd7 15.
Re1 e5 16. Nd2 Bb7 17. Bxb7 Rxb7 18. Qf3 Qc7 19. Ne4 Rb6 20. Be3 f5 21. Ng5 Rd6
22. d4 h6 23. dxc5 Nxc5 24. Bxc5 Qxc5 25. Qb7 Qc6 26. Qe7 Re8 27. Qf7+ Kh8 28.
Ra6 1-0

[Event "XIX Festival A"]
[Site "Montecatini Terme ITA"]
[Date "2011.08.05"]
[Round "7"]
[White "Contin, Daniel"]
[Black "Efimov, Igor"]
[WhiteElo "2319"]
[BlackElo "2428"]
[Result "1/2-1/2"]
[PlyCount "23"]
[EventDate "2011.07.31"]

1. c4 e5 2. Nc3 Nf6 3. Nf3 Nc6 4. g3 d5 5. cxd5 Nxd5 6. Bg2 Nb6 7. a3 Be7 8. b4
Be6 9. Rb1 f6 10. d3 O-O 11. O-O Nd4 12. Nd2 1/2-1/2

[Event "XIX Festival A"]
[Site "Montecatini Terme ITA"]
[Date "2011.08.05"]
[Round "7"]
[White "Dvirnyy, Danyyil"]
[Black "Passerotti, Pierluigi"]
[WhiteElo "2436"]
[BlackElo "2264"]
[Result "1-0"]
[PlyCount "83"]
[EventDate "2011.07.31"]

1. e4 e5 2. Nf3 Nc6 3. Bb5 Nf6 4. O-O Nxe4 5. d4 Nd6 6. Bxc6 dxc6 7. dxe5 Nf5
8. Qxd8+ Kxd8 9. Nc3 Ke8 10. h3 h5 11. g3 b6 12. Bg5 Be6 13. Ne4 Be7 14. Rad1
Rd8 15. Rxd8+ Kxd8 16. Re1 a5 17. a3 Ke8 18. Kg2 Bd5 19. Bxe7 Kxe7 20. g4 hxg4
21. hxg4 Bxe4 22. Rxe4 Nh4+ 23. Nxh4 Rxh4 24. Kg3 Rh1 25. f4 g6 26. Rc4 Kd7 27.
f5 gxf5 28. gxf5 Re1 29. Kf4 Re2 30. b4 a4 31. Rc3 Re1 32. Kg5 Rxe5 33. Kf6 Re7
34. Rg3 Re2 35. Kxf7 Rxc2 36. Rd3+ Kc8 37. f6 c5 38. bxc5 bxc5 39. Rg3 Rb2 40.
Kg8 Rc2 41. Kf7 Rb2 42. Kg8 1-0

[Event "XIX Festival A"]
[Site "Montecatini Terme ITA"]
[Date "2011.08.05"]
[Round "7"]
[White "Gazzarri, Alberto"]
[Black "Nannelli, Paolo"]
[WhiteElo "2101"]
[BlackElo "2224"]
[Result "0-1"]
[PlyCount "96"]
[EventDate "2011.07.31"]

1. e4 e6 2. d4 d5 3. e5 c5 4. c3 Qb6 5. Nf3 Nc6 6. Be2 Nh6 7. Bxh6 gxh6 8. Qd2
Bg7 9. O-O O-O 10. Na3 cxd4 11. cxd4 Bd7 12. Nc2 f6 13. exf6 Rxf6 14. b4 Raf8
15. b5 Ne7 16. Ne5 Be8 17. a4 Ng6 18. a5 Qd8 19. Ng4 R6f7 20. g3 h5 21. Nh6+
Bxh6 22. Qxh6 Nf4 23. Bxh5 Rf6 24. Qg5+ Kh8 25. Bg4 Rg8 26. Qh4 Rxg4 27. Qxg4
Bh5 28. Qh4 Ne2+ 29. Kg2 Bf3+ 30. Kh3 Qf8 31. Ne1 Be4 32. f3 Rh6 33. Qxh6 Qxh6+
34. Kg2 Bf5 35. h4 Nxd4 36. b6 axb6 37. axb6 Qe3 38. g4 Bg6 39. Ra8+ Kg7 40.
Ra7 Qd2+ 41. Kg3 Ne2+ 42. Kg2 Nf4+ 43. Kg3 Qe2 44. Rxb7+ Kf6 45. Rg1 Qe5 46.
Rf1 Nh5+ 47. Kf2 Qh2+ 48. Ng2 Nf4 0-1

[Event "XIX Festival A"]
[Site "Montecatini Terme ITA"]
[Date "2011.08.05"]
[Round "7"]
[White "Mogranzini, Roberto"]
[Black "Rombaldoni, Denis"]
[WhiteElo "2433"]
[BlackElo "2495"]
[Result "1/2-1/2"]
[PlyCount "86"]
[EventDate "2011.07.31"]

1. c4 e6 2. g3 d5 3. Bg2 Nf6 4. Nf3 dxc4 5. Na3 Bxa3 6. bxa3 O-O 7. Bb2 b5 8.
a4 a6 9. Nd4 c6 10. axb5 Qb6 11. Rb1 axb5 12. Nxb5 Rxa2 13. Bd4 Qd8 14. Nc3 Ra8
15. Bc5 Re8 16. O-O e5 17. Qc2 Be6 18. Ra1 Nbd7 19. Bd6 Rxa1 20. Rxa1 Qb6 21.
Rb1 Qd4 22. Ba3 Bd5 23. e3 Qa7 24. Bd6 Nc5 25. Bxc5 Qxc5 26. Qa4 h5 27. h3 Rd8
28. Rb2 h4 29. g4 Bxg2 30. Kxg2 e4 31. Qb4 Qg5 32. Qxc4 Nxg4 33. hxg4 Qxg4+ 34.
Kh2 Re8 35. Rb1 Qf5 36. Qe2 Re6 37. Rg1 Rf6 38. Qg4 Qe5+ 39. Kh1 Rxf2 40. Rg2
Rf1+ 41. Rg1 Rf2 42. Rg2 Rf1+ 43. Rg1 Rf2 1/2-1/2

[Event "XIX Festival A"]
[Site "Montecatini Terme ITA"]
[Date "2011.08.05"]
[Round "7"]
[White "Stromboli, Carlo"]
[Black "Braga, Fernando Alberto"]
[WhiteElo "2304"]
[BlackElo "2447"]
[Result "1-0"]
[PlyCount "87"]
[EventDate "2011.07.31"]

1. e4 c5 2. Nf3 d6 3. Bb5+ Nd7 4. c3 a6 5. Ba4 Ngf6 6. Bc2 e5 7. O-O Be7 8. Re1
O-O 9. d4 b5 10. a4 Bb7 11. Nbd2 Qc7 12. Nf1 cxd4 13. cxd4 Rfc8 14. Re2 Bf8 15.
Ng3 bxa4 16. Bxa4 Bc6 17. Bb3 h6 18. Bd2 Qb7 19. Bc2 Re8 20. dxe5 dxe5 21. Bc3
Bb4 22. Qe1 Bxc3 23. Qxc3 Rac8 24. Qa3 Bb5 25. Rd2 Nc5 26. Re1 Kh7 27. Nf5 Re6
28. Nd6 Rxd6 29. Rxd6 Kg8 30. Red1 Ne6 31. Bb3 Nf4 32. Rd8+ Rxd8 33. Rxd8+ Kh7
34. Qc5 Nxe4 35. Bc2 f5 36. Bxe4 Qxe4 37. h3 Qb1+ 38. Kh2 Qf1 39. Nh4 Ne2 40.
Nf3 Nf4 41. Nh4 Ne2 42. f3 Bd3 43. Rxd3 f4 44. Qb6 1-0

[Event "XIX Festival A"]
[Site "Montecatini Terme ITA"]
[Date "2011.08.03"]
[Round "8"]
[White "Brizzi, Matteo"]
[Black "Mazzetta, Renato"]
[WhiteElo "1858"]
[BlackElo "1943"]
[Result "0-1"]
[PlyCount "84"]
[EventDate "2011.07.31"]

1. e4 c5 2. Nc3 e6 3. Nge2 Nc6 4. g3 d5 5. exd5 exd5 6. d4 cxd4 7. Nxd4 Bb4 8.
Qd3 Nf6 9. Bg2 O-O 10. O-O Ne5 11. Qb5 Bxc3 12. bxc3 a6 13. Qb3 h6 14. Re1 Nc4
15. a4 Re8 16. Bf4 g5 17. Rxe8+ Qxe8 18. Bc7 Qd7 19. Bb6 Qd6 20. a5 Be6 21. Rd1
Re8 22. Nxe6 Rxe6 23. Bd4 Nxa5 24. Qa4 Nc4 25. Qa2 Ne4 26. Bh3 Re7 27. Re1 Ned2
28. Rxe7 Qxe7 29. Qa1 Nf3+ 30. Kh1 Qe2 31. Bg2 g4 32. Qc1 Ncd2 33. Be3 Ne4 34.
Bxf3 Qxf3+ 35. Kg1 Nxc3 36. Qa3 Nd1 37. Qe7 Nxe3 38. Qe8+ Kg7 39. Qe5+ Kg6 40.
fxe3 Qe4 41. Qd6+ f6 42. Qc5 b5 0-1